1858 1776 1894 1713 1318 1253 1229 1262 1064 1793 1903 1424 1729 1374 1852 1526 1109 1072 1841 1032 1715 1827 1837 1717 1625 1978 1352 1424 1791 1754 1242 1351 1581 1353 1207 1581 1673 1866 1496 1409 1093 1649 1788 1525 1871 1219 1558 1464 1994 1561 1204 1123 1548 1385 1573 1164 1180 1111 1886 1547 1914 1870 1337 1611 1150 1532 1312 1231 1645 1904 1410 1885 1880 1559 1632 1521 1873 1017 1724 1540 1799 1229 1728 1971 1075 1591 1942 1076 1471 1586 1742 1648 1498 1824 1293 1095 1435 1203 1785 BCNSPRNW ULIB Ver.6.0+V

เปลี่ยนเป็นภาษาไทย

Change to English
 แสดงรายละเอียดบรรณานุกรม
  กลับหน้าหลัก

Brief Record : Get Marc (ISO 2709) : E-mail record : QR code < ปิดหน้าต่าง
LEADER : 00000nam 2200000uu 4500
001    13399124620
003     ULIB
008    151022s2558||||th 000 0 tha d
020    ^a9786163828767
060 04 ^aW3^bก482ก
111 2  ^aการประชุมวิชาการเฉลิมพระเกียรติสมเด็จพระเทพรัตนราชสุดาฯ สยามบรมราชกุมารี ในโอกาสฉลองพระชนมายุ 5 รอบ 2 เมษายน 2558^d(2558 :^cกรุงเทพฯ)
245 10 ^aการประชุมวิชาการเฉลิมพระเกียรติสมเด็จพระเทพรัตนราชสุดาฯ สยามบรมราชกุมารี ในโอกาสฉลองพระชนมายุ 5 รอบ 2 เมษายน 2558 :^bการประชุมวิชาการร่วมคณะแพทยศาสตร์สามสถาบัน พ.ศ. 2558 : จุฬาฯ-รามาฯ-ศิริราช บทความเรื่องความเสมอภาคทางสุขภาพ ; วันที่ 4-6 มิถุนายน2558 ณ โรงแรมเซ็นทาราแกรนด์และบางกอกคอนเวนชั่นเซ็นเตอร์ เซ็นทรัลเวิลด์ กรุงเทพมหานคร /^cจัดโดย คณะแพทยศาสตร์สามสถาบัน :
246 30 ^aการประชุมวิชาการร่วมคณะแพทยศาสตร์สามสถาบัน พ.ศ. 2558 : จุฬาฯ-รามาฯ-ศิริราช
246 30 ^aบทความเรื่องความเสมอภาคทางสุขภาพ
246 30 ^aความเสมอภาคทางสุขภาพ
246 30 ^aผลการประกวดบทความ กิจกรรมภาคประชาชน งานประชุมวิชาการร่วมคณะแพทยศาสตร์สามสถาบัน : จุฬาฯ-รามาฯ-ศิริราช
246 31 ^aJoint Conference in Medical Sciences 2015
246 31 ^aJCMS 2015
260    ^a[กรุงเทพฯ] :^bบียอนด์ เอ็นเทอร์ไพรซ์,^c2558
300    ^a176 หน้า ;^c21 ซม.
650  2 ^aPublic Health^vcongresses
650  2 ^aEthics, Medical^vcongresses
650  2 ^aMedicine^vcongresses
650  2 ^aHealth Services^zThailand^vcongresses
650  4 ^aการแพทย์^vการประชุม
650  4 ^aการแพทย์^xแง่สังคม^vการประชุม
650  4 ^aบริการสุขภาพ^vการประชุม
650  4 ^aสาธารณสุข, การบริการ^vการประชุม
650  4 ^aจริยธรรม^xแง่การแพทย์^vการประชุม
710 2  ^aจุฬาลงกรณ์มหาวิทยาลัย.^bคณะแพทยศาสตร์
710 2  ^aมหาวิทยาลัยมหิดล.^bคณะแพทยศาสตร์โรงพยาบาลรามาธิบดี
710 2  ^aมหาวิทยาลัยมหิดล.^bคณะแพทยศาสตร์ศิริราชพยาบาล
945    ^p0^l0^i000153
945    ^p0^l0^i000154
999    ^aเกษร โพธิ์สุวรรณ
รายการนี้ยังไม่มีแท็ก
คุณยังไม่ได้ล็อกอิน คุณสามารถมีกิจกรรมร่วมกับเว็บไซต์ได้ แต่ต้องล็อกอินก่อน ::
  ล็อกอิน

รายการสื่อสารสนเทศ

ลำดับที่ ประเภท เลขเรียก/บาร์โค้ด สถานที่ สถานะ
1. วิทยาศาสตร์การแพทย์ และสุขภาพ
วิทยาศาสตร์การแพทย์ และสุขภาพ
สถานะ=หนังสือเก่า
W3 ก482ก ฉ.1 
  Barcode: 000153
ห้องสมุดวิทยาเขตสวรรค์ประชารักษ์
►ส่วนจัดเก็บหนังสือเก่า สปร
บนชั้น
  ขอยืม
2. วิทยาศาสตร์การแพทย์ และสุขภาพ
วิทยาศาสตร์การแพทย์ และสุขภาพ
สถานะ=หนังสือเก่า
W3 ก482ก ฉ.2 
  Barcode: 000154
ห้องสมุดวิทยาเขตสวรรค์ประชารักษ์
►ส่วนจัดเก็บหนังสือเก่า สปร
บนชั้น
  ขอยืม

BibComment


ยังไม่เคยถูกคอมเมนท์

คอมเมนท์ทรัพยากรรายการนี้
  คอมเมนท์: การประชุมวิชาการ..


 Copyright 2026. Bcnsprnw @Library